[Event "Oberliga Nord N 2324"]
[Site "Germany"]
[Date "2024.02.25"]
[Round "6.4"]
[White "Schroeder, Christoph"]
[Black "Zierke, Oliver"]
[Result "1-0"]
[WhiteElo "2179"]
[BlackElo "2187"]
[PlyCount "49"]
[EventDate "2023.10.22"]
[EventType "team-tourn"]
[EventRounds "9"]
[EventCountry "GER"]
[SourceTitle "EXT 2025"]
[Source "ChessBase"]
[SourceDate "2024.10.14"]
[SourceVersion "1"]
[SourceVersionDate "2024.10.14"]
[SourceQuality "1"]
[WhiteTeam "Johanneum Eppendorf"]
[BlackTeam "Norderstedt"]
[WhiteTeamCountry "GER"]
[BlackTeamCountry "GER"]

1. e4 c5 2. Nc3 Nc6 3. Bb5 Nd4 4. Bc4 g6 5. Nf3 Bg7 6. Nxd4 cxd4 7. Qf3 Nh6 8. Ne2 0-0 9. d3 Ng4 10. Qg3 Ne5 11. Bb3 Nc6 12. h4 Na5 13. h5 Nxb3 14. axb3 e5 15. Qh2 f6 16. hxg6 hxg6 17. Qh7+ Kf7 18. Rh6 Rh8 19. Qxg6+ Kg8 20. Rxh8+ Kxh8 21. Bd2 d6 22. 0-0-0 Kg8 23. Rh1 Qe7 24. Rh7 Qf7 25. Rh8+ 1-0

[Event "FICGS class M 000125 email"]
[Site "FICGS email"]
[Date "2023.07.06"]
[Round "1"]
[White "Broekhuizen, A T S"]
[Black "Schroeder, Christoph"]
[Result "1/2-1/2"]
[WhiteElo "2260"]
[BlackElo "2267"]
[PlyCount "43"]
[EventDate "2023.??.??"]
[EventType "tourn (corr)"]
[EventRounds "6"]
[SourceTitle "Corr 2024"]
[Source "ChessBase"]
[SourceDate "2023.10.19"]
[SourceVersion "1"]
[SourceVersionDate "2023.10.19"]
[SourceQuality "1"]

1. e4 e5 2. Nf3 Nc6 3. Bb5 a6 4. Ba4 Nf6 5. 0-0 b5 6. Bb3 Bc5 7. a4 Rb8 8. c3 d6 9. d4 Bb6 10. a5 Ba7 11. h3 Bb7 12. Be3 Nxe4 13. d5 Bxe3 14. dxc6 Nxf2 15. Qe2 Nxh3+ 16. Kh1 Nf2+ 17. Rxf2 Bxf2 18. cxb7 Ba7 19. Bd5 Qd7 20. Nd4 Qe7 21. Bc6+ Kf8 22. Nf3 1/2-1/2

[Event "FICGS W-ch st1 gN 01 email"]
[Site "FICGS email"]
[Date "2023.07.04"]
[Round "1"]
[White "Dimitrov, George"]
[Black "Schroeder, Christoph"]
[Result "1/2-1/2"]
[WhiteElo "2257"]
[BlackElo "2267"]
[PlyCount "79"]
[EventDate "2023.??.??"]
[EventType "tourn (corr)"]
[EventRounds "1"]
[SourceTitle "Corr 2024"]
[Source "ChessBase"]
[SourceDate "2023.10.19"]
[SourceVersion "1"]
[SourceVersionDate "2023.10.19"]
[SourceQuality "1"]

1. e4 e5 2. Nf3 Nc6 3. Bb5 a6 4. Ba4 Nf6 5. 0-0 b5 6. Bb3 Bc5 7. c3 d6 8. a4 Bg4 9. h3 Bxf3 10. Qxf3 Na5 11. Bc2 b4 12. d3 0-0 13. Bg5 h6 14. Bh4 Qe7 15. Nd2 Rfb8 16. Rab1 Qe6 17. Qe2 Nd7 18. Nf3 Bb6 19. d4 c5 20. cxb4 cxb4 21. Rfd1 b3 22. Bd3 exd4 23. Bg3 Re8 24. Bxa6 Nc5 25. Bb5 d3 26. Qe3 Qg6 27. Bxe8 Rxe8 28. Qd4 Rxe4 29. Qxd6 Nc4 30. Qd5 Qe6 31. Rxd3 Nxd3 32. Qxd3 Re2 33. Qxb3 Qg6 34. Rf1 Rxb2 35. Qxc4 Qxg3 36. Qc8+ Kh7 37. Qf5+ Kg8 38. Qc8+ Kh7 39. Qf5+ Kg8 40. Qc8+ 1/2-1/2

[Event "FICGS W-ch st1 gN 01 email"]
[Site "FICGS email"]
[Date "2023.07.04"]
[Round "1"]
[White "Schroeder, Christoph"]
[Black "Duttagupta, Aniruddha"]
[Result "1/2-1/2"]
[WhiteElo "2267"]
[BlackElo "2258"]
[PlyCount "72"]
[EventDate "2023.??.??"]
[EventType "tourn (corr)"]
[EventRounds "1"]
[SourceTitle "Corr 2024"]
[Source "ChessBase"]
[SourceDate "2023.10.19"]
[SourceVersion "1"]
[SourceVersionDate "2023.10.19"]
[SourceQuality "1"]

1. e4 e5 2. Nf3 Nc6 3. Bb5 Nf6 4. d3 Bc5 5. Bg5 h6 6. Bh4 d6 7. Nc3 g5 8. Bg3 Bd7 9. Na4 Bb6 10. h4 Rg8 11. Nxb6 axb6 12. hxg5 hxg5 13. Qd2 Na5 14. Bxd7+ Nxd7 15. Rh5 f6 16. d4 Nc6 17. Qc3 Nf8 18. Qc4 Rg7 19. d5 Ne7 20. Nd2 Qd7 21. f3 Neg6 22. a3 Nf4 23. Rh2 Rh7 24. Bxf4 gxf4 25. Rxh7 Qxh7 26. 0-0-0 0-0-0 27. Nb1 Nd7 28. Nc3 Qh2 29. b4 Nb8 30. Nb5 Na6 31. Qf1 Rg8 32. Rd2 Rh8 33. Kb2 Qh1 34. Rd1 Qxf1 35. Rxf1 Nb8 36. c4 Nd7 1/2-1/2

[Event "FICGS rapid M 000146 email"]
[Site "FICGS email"]
[Date "2023.05.12"]
[Round "1"]
[White "Schroeder, Christoph"]
[Black "Ozen, Bahadir"]
[Result "1/2-1/2"]
[WhiteElo "2278"]
[BlackElo "2239"]
[PlyCount "64"]
[EventDate "2023.??.??"]
[EventType "tourn (rapid)"]
[EventRounds "6"]
[SourceTitle "Corr 2024"]
[Source "ChessBase"]
[SourceDate "2023.10.19"]
[SourceVersion "1"]
[SourceVersionDate "2023.10.19"]
[SourceQuality "1"]

1. b3 e5 2. Bb2 Nc6 3. e3 Nf6 4. Bb5 Bd6 5. Na3 Na5 6. Be2 a6 7. Nf3 Qe7 8. Nb1 0-0 9. d3 b5 10. 0-0 Bb7 11. c4 bxc4 12. bxc4 e4 13. dxe4 Bxe4 14. Nbd2 Bg6 15. Nb3 Nxb3 16. axb3 Rfb8 17. Bd3 Ne4 18. Bd4 Nc5 19. Bxg6 hxg6 20. Bxc5 Bxc5 21. Qc2 a5 22. Rfd1 c6 23. h4 Qe6 24. Rd3 Qe4 25. Qd1 d6 26. g3 Qg4 27. Rc3 Rb4 28. Kh2 Kf8 29. Kg2 Qe4 30. Kh2 Qg4 31. Kg2 Qe4 32. Kh2 Qg4 1/2-1/2

[Event "FICGS class M 000118 email"]
[Site "FICGS email"]
[Date "2023.02.06"]
[Round "1"]
[White "Schroeder, Christoph"]
[Black "Helmer, Janos"]
[Result "1/2-1/2"]
[WhiteElo "2249"]
[BlackElo "2258"]
[PlyCount "57"]
[EventDate "2023.??.??"]
[EventType "tourn (corr)"]
[EventRounds "6"]
[SourceTitle "Corr 2024"]
[Source "ChessBase"]
[SourceDate "2023.10.19"]
[SourceVersion "1"]
[SourceVersionDate "2023.10.19"]
[SourceQuality "1"]

1. e4 c5 2. Nf3 d6 3. d4 cxd4 4. Nxd4 Nf6 5. Nc3 a6 6. Bg5 e6 7. f4 Qc7 8. Bxf6 gxf6 9. Qf3 b5 10. a3 Nc6 11. Nxc6 Qxc6 12. f5 Qc5 13. Be2 Qe5 14. Qh5 exf5 15. exf5 Qxf5 16. Nd5 Ra7 17. Qxf5 Bxf5 18. 0-0-0 Bg7 19. Rhf1 Be6 20. Nxf6+ Ke7 21. Nd5+ Kd7 22. Kb1 Be5 23. h3 Rg8 24. g4 Rg6 25. Nb4 Rh6 26. Bf3 Kc8 27. Nc6 Rd7 28. Bg2 Kc7 29. Nb4 1/2-1/2

[Event "Oberliga Nord N 2223"]
[Site "Germany"]
[Date "2023.02.05"]
[Round "5.6"]
[White "Schroeder, Christoph"]
[Black "Grahl, Arvid"]
[Result "1/2-1/2"]
[WhiteElo "2136"]
[BlackElo "2150"]
[PlyCount "34"]
[EventDate "2022.10.23"]
[EventType "team-tourn"]
[EventRounds "9"]
[EventCountry "GER"]
[SourceTitle "EXT 2025"]
[Source "ChessBase"]
[SourceDate "2024.10.14"]
[SourceVersion "1"]
[SourceVersionDate "2024.10.14"]
[SourceQuality "1"]
[WhiteTeam "Johanneum Eppendorf"]
[BlackTeam "Schwerin"]
[WhiteTeamCountry "GER"]
[BlackTeamCountry "GER"]

1. e4 d6 2. d4 Nf6 3. Nc3 g6 4. Nf3 Bg7 5. Be3 0-0 6. Qd2 d5 7. e5 Ne4 8. Nxe4 dxe4 9. Ng5 c5 10. Nxe4 cxd4 11. Bxd4 Nc6 12. Bc3 Qxd2+ 13. Nxd2 Nxe5 14. Nc4 Nxc4 15. Bxg7 Kxg7 16. Bxc4 Bf5 17. 0-0-0 Rfd8 1/2-1/2

[Event "Oberliga Nord N 2122"]
[Site "Germany"]
[Date "2022.04.03"]
[Round "8.3"]
[White "Schroeder, Christoph"]
[Black "Mach, Holger"]
[Result "0-1"]
[WhiteElo "2136"]
[BlackElo "2200"]
[PlyCount "100"]
[EventDate "2021.10.31"]
[EventType "team-tourn"]
[EventRounds "9"]
[EventCountry "GER"]
[SourceTitle "EXT 2023"]
[Source "ChessBase"]
[SourceDate "2022.10.05"]
[SourceVersion "1"]
[SourceVersionDate "2022.10.05"]
[SourceQuality "1"]
[WhiteTeam "Johanneum Eppendorf"]
[BlackTeam "Hamburg Diogenes"]
[WhiteTeamCountry "GER"]
[BlackTeamCountry "GER"]

1. e4 c5 2. Nc3 Nc6 3. Nge2 Nd4 4. Nxd4 cxd4 5. Ne2 d5 6. e5 Qc7 7. f4 Bg4 8. h3 Bxe2 9. Bxe2 a6 10. c3 dxc3 11. Qa4+ Qd7 12. Qxd7+ Kxd7 13. dxc3 e6 14. Be3 Rc8 15. Rd1 Bc5 16. Bc1 Ne7 17. g4 g6 18. Bf3 h5 19. Ke2 b5 20. Be3 hxg4 21. hxg4 Bxe3 22. Kxe3 Rxh1 23. Rxh1 g5 24. f5 exf5 25. gxf5 Nxf5+ 26. Kd3 Ke6 27. Rf1 Nh6 28. Bh5 Kxe5 29. Bxf7 Nxf7 30. Rxf7 Rg8 31. Re7+ Kf4 32. Rf7+ Kg3 33. Rf6 g4 34. Rxa6 Kf2 35. Rf6+ Ke1 36. Re6+ Kf1 37. Rf6+ Kg1 38. Kd4 g3 39. Kxd5 g2 40. Kc5 Rg5+ 41. Kb4 Kh2 42. Rf2 Kh3 43. Rxg2 Rxg2 44. b3 Rxa2 45. Kxb5 Kg4 46. b4 Kf5 47. c4 Ke6 48. Kb6 Ra4 49. Kb5 Ra8 50. Kc6 Rc8+ 0-1

[Event "FICGS class M 000098 email"]
[Site "FICGS email"]
[Date "2022.01.27"]
[Round "1"]
[White "Schroeder, Christoph"]
[Black "Duttagupta, Aniruddha"]
[Result "1/2-1/2"]
[WhiteElo "2228"]
[BlackElo "2215"]
[PlyCount "55"]
[EventDate "2022.??.??"]
[EventType "tourn (corr)"]
[EventRounds "6"]
[SourceTitle "Corr 2024"]
[Source "ChessBase"]
[SourceDate "2023.10.19"]
[SourceVersion "1"]
[SourceVersionDate "2023.10.19"]
[SourceQuality "1"]

1. e4 c6 2. d4 d5 3. exd5 cxd5 4. c4 Nf6 5. Nc3 Nc6 6. Nf3 Bg4 7. cxd5 Nxd5 8. Qb3 Bxf3 9. gxf3 e6 10. Qxb7 Nxd4 11. Bb5+ Nxb5 12. Qc6+ Ke7 13. Qc5+ Nd6 14. Nxd5+ exd5 15. Qxd5 Qc8 16. 0-0 Qb7 17. Qe5+ Kd7 18. Rd1 Re8 19. Qf5+ Re6 20. Qxf7+ Be7 21. Bg5 Re8 22. Rxd6+ Rxd6 23. Re1 Qd5 24. Rxe7+ Rxe7 25. Qxe7+ Kc6 26. Bf4 Rd7 27. Qe8 g5 28. Be3 1/2-1/2

[Event "FICGS class M 000098 email"]
[Site "FICGS email"]
[Date "2022.01.27"]
[Round "1"]
[White "Schroeder, Christoph"]
[Black "Perevozchikov, Vjacheslav"]
[Result "1/2-1/2"]
[WhiteElo "2228"]
[BlackElo "2230"]
[PlyCount "38"]
[EventDate "2022.??.??"]
[EventType "tourn (corr)"]
[EventRounds "6"]
[SourceTitle "Corr 2024"]
[Source "ChessBase"]
[SourceDate "2023.10.19"]
[SourceVersion "1"]
[SourceVersionDate "2023.10.19"]
[SourceQuality "1"]

1. d4 e6 2. e4 d5 3. e5 c5 4. c3 Nc6 5. Nf3 Qb6 6. Be2 cxd4 7. cxd4 Nh6 8. Bxh6 Qxb2 9. Nbd2 gxh6 10. 0-0 Nxd4 11. Rb1 Nxe2+ 12. Qxe2 Qa3 13. Nd4 a6 14. Rfc1 Bd7 15. Rc7 Rc8 16. Rbxb7 Rxc7 17. Rxc7 Qxa2 18. N4b3 Bb4 19. Rb7 Bxd2 1/2-1/2

[Event "FICGS rapid M 000127 email"]
[Site "FICGS email"]
[Date "2022.01.19"]
[Round "1"]
[White "Schroeder, Christoph"]
[Black "Laduke, Matt"]
[Result "1/2-1/2"]
[WhiteElo "2228"]
[BlackElo "2163"]
[PlyCount "63"]
[EventDate "2022.??.??"]
[EventType "tourn (rapid)"]
[EventRounds "6"]
[SourceTitle "Corr 2024"]
[Source "ChessBase"]
[SourceDate "2023.10.19"]
[SourceVersion "1"]
[SourceVersionDate "2023.10.19"]
[SourceQuality "1"]

1. c4 e5 2. g3 Nf6 3. Bg2 g6 4. Nc3 d6 5. Nf3 Bg7 6. d4 Nbd7 7. 0-0 0-0 8. e4 exd4 9. Nxd4 Nc5 10. h3 Re8 11. Re1 h6 12. Rb1 a5 13. Ndb5 Bf8 14. f3 a4 15. Kh2 c6 16. Nd4 h5 17. b4 axb3 18. axb3 Qc7 19. Nde2 h4 20. g4 d5+ 21. Bf4 Bd6 22. Bxd6 Qxd6+ 23. Kh1 Rd8 24. exd5 cxd5 25. b4 Ne6 26. c5 Qe5 27. Qc1 d4 28. f4 Qb8 29. f5 dxc3 30. fxe6 Bxe6 31. Qxc3 Nd5 32. Qf3 1/2-1/2

[Event "FICGS rapid M 000127 email"]
[Site "FICGS email"]
[Date "2022.01.19"]
[Round "1"]
[White "Vasquez, Fernando"]
[Black "Schroeder, Christoph"]
[Result "1/2-1/2"]
[WhiteElo "2164"]
[BlackElo "2228"]
[PlyCount "52"]
[EventDate "2022.??.??"]
[EventType "tourn (rapid)"]
[EventRounds "6"]
[SourceTitle "Corr 2024"]
[Source "ChessBase"]
[SourceDate "2023.10.19"]
[SourceVersion "1"]
[SourceVersionDate "2023.10.19"]
[SourceQuality "1"]

1. e4 c5 2. c3 d5 3. exd5 Qxd5 4. d4 Bf5 5. Na3 Nc6 6. Be3 cxd4 7. Nb5 0-0-0 8. Nxd4 Nf6 9. Ngf3 Ng4 10. Qb3 Nxe3 11. fxe3 Nxd4 12. exd4 Qe4+ 13. Kf2 f6 14. Re1 Qc6 15. Bb5 Qc7 16. Rhf1 e5 17. Kg1 exd4 18. Nxd4 Bg6 19. Ne6 Bf7 20. Nxc7 Bxb3 21. axb3 Bc5+ 22. Kh1 Kxc7 23. b4 Bd6 24. g3 Be5 25. Rf2 h5 26. Re4 a6 1/2-1/2

[Event "FICGS class M 000097 email"]
[Site "FICGS email"]
[Date "2022.01.08"]
[Round "1"]
[White "Schroeder, Christoph"]
[Black "Cirulis, Ilmars"]
[Result "1/2-1/2"]
[WhiteElo "2228"]
[BlackElo "2261"]
[PlyCount "61"]
[EventDate "2022.??.??"]
[EventType "tourn (corr)"]
[EventRounds "6"]
[SourceTitle "Corr 2024"]
[Source "ChessBase"]
[SourceDate "2023.10.19"]
[SourceVersion "1"]
[SourceVersionDate "2023.10.19"]
[SourceQuality "1"]

1. e4 c5 2. Nf3 Nc6 3. Bb5 e6 4. 0-0 Nge7 5. Re1 a6 6. Bf1 d5 7. exd5 Nxd5 8. d4 cxd4 9. Nxd4 Ndb4 10. Nxc6 Qxd1 11. Rxd1 bxc6 12. Na3 a5 13. Bd2 Ba6 14. Nc4 Bxc4 15. Bxc4 Be7 16. c3 Nd5 17. Be2 0-0 18. Kf1 Rfc8 19. c4 Nf6 20. Be3 Ne4 21. Bf3 Nc5 22. b3 e5 23. g4 Ne6 24. Rd7 Bc5 25. Rad1 Bxe3 26. fxe3 Kf8 27. R7d6 Ra6 28. h4 Rb6 29. g5 a4 30. bxa4 Ra6 31. a5 1/2-1/2

[Event "FICGS class M 000097 email"]
[Site "FICGS email"]
[Date "2022.01.08"]
[Round "1"]
[White "Schroeder, Christoph"]
[Black "Maceda, Coco"]
[Result "1/2-1/2"]
[WhiteElo "2228"]
[BlackElo "2230"]
[PlyCount "88"]
[EventDate "2022.??.??"]
[EventType "tourn (corr)"]
[EventRounds "6"]
[SourceTitle "Corr 2024"]
[Source "ChessBase"]
[SourceDate "2023.10.19"]
[SourceVersion "1"]
[SourceVersionDate "2023.10.19"]
[SourceQuality "1"]

1. e4 e5 2. Nc3 Nf6 3. d4 exd4 4. Qxd4 Nc6 5. Qd3 Bc5 6. Bf4 d6 7. Qd2 Be6 8. 0-0-0 Bb4 9. Qd3 0-0 10. f3 a5 11. Kb1 Qe7 12. Nge2 d5 13. exd5 Bxd5 14. Nxd5 Nxd5 15. Qb5 Na7 16. Qc4 b5 17. Qe4 Qxe4 18. fxe4 Nxf4 19. Nxf4 Rfe8 20. g3 Rab8 21. Bg2 Bd6 22. Rd5 Nc6 23. Re1 g6 24. Nd3 f6 25. a3 h5 26. Bh3 Re7 27. Bf1 Ne5 28. Nxe5 Rxe5 29. c3 Kg7 30. b4 axb4 31. cxb4 Rxd5 32. exd5 h4 33. Re3 hxg3 34. hxg3 f5 35. Kc2 Kf6 36. Be2 Be5 37. g4 g5 38. Rh3 fxg4 39. Bxg4 Bf4 40. Bd7 Ke5 41. Kb3 Ke4 42. Rh1 Rb6 43. Rd1 Be3 44. Rf1 Bf4 1/2-1/2

[Event "FICGS class M 000097 email"]
[Site "FICGS email"]
[Date "2022.01.08"]
[Round "1"]
[White "Schroeder, Christoph"]
[Black "Wiaderek, Piotr"]
[Result "1/2-1/2"]
[WhiteElo "2228"]
[BlackElo "2212"]
[PlyCount "37"]
[EventDate "2022.??.??"]
[EventType "tourn (corr)"]
[EventRounds "6"]
[SourceTitle "Corr 2024"]
[Source "ChessBase"]
[SourceDate "2023.10.19"]
[SourceVersion "1"]
[SourceVersionDate "2023.10.19"]
[SourceQuality "1"]

1. e4 e5 2. Bc4 Nf6 3. d4 exd4 4. Nf3 Nxe4 5. Qxd4 Nf6 6. Nc3 Be7 7. Bg5 h6 8. Qh4 d5 9. 0-0-0 c6 10. Rhe1 Be6 11. Bd3 Kd7 12. Bd2 Bd6 13. Nd4 g5 14. Nxe6 gxh4 15. Nxd8 Kxd8 16. h3 Rg8 17. Bf1 Nbd7 18. Bxh6 Rg6 19. Be3 1/2-1/2

[Event "FICGS W-ch final email"]
[Site "FICGS email"]
[Date "2021.07.27"]
[Round "1"]
[White "Schroeder, Christoph"]
[Black "Gounant, Stanislas"]
[Result "1/2-1/2"]
[WhiteElo "2263"]
[BlackElo "2166"]
[PlyCount "65"]
[EventDate "2021.??.??"]
[EventType "tourn (corr)"]
[EventRounds "6"]
[EventCategory "5"]
[SourceTitle "Corr 2022"]
[Source "ChessBase"]
[SourceDate "2021.10.24"]
[SourceVersion "1"]
[SourceVersionDate "2021.10.24"]
[SourceQuality "1"]

1. d4 d5 2. c4 c6 3. Nf3 Nf6 4. Nc3 e6 5. e3 a6 6. b3 Bb4 7. Bd2 Nbd7 8. Bd3 0-0 9. 0-0 Bd6 10. Qc2 h6 11. Rad1 e5 12. cxd5 cxd5 13. dxe5 Nxe5 14. Nxe5 Bxe5 15. Ne2 Bg4 16. h3 Rc8 17. Qb1 Bxe2 18. Bxe2 Qd6 19. Bf3 b5 20. Bc1 Rc6 21. Bb2 Rfc8 22. Bxe5 Qxe5 23. Rd2 Rc5 24. Rfd1 Ne4 25. Bxe4 Qxe4 26. Qxe4 dxe4 27. g4 Rc1 28. Kg2 Rxd1 29. Rxd1 Rc2 30. a4 Rb2 31. Rd8+ Kh7 32. Rd7 Kg8 33. Rd8+ 1/2-1/2

[Event "FICGS W-ch st2 g02 email"]
[Site "FICGS email"]
[Date "2021.07.13"]
[Round "1"]
[White "Pech, Jaroslav Sr"]
[Black "Schroeder, Christoph"]
[Result "1/2-1/2"]
[WhiteElo "2082"]
[BlackElo "2263"]
[PlyCount "40"]
[EventDate "2021.??.??"]
[EventType "tourn (corr)"]
[EventRounds "8"]
[SourceTitle "Corr 2022"]
[Source "ChessBase"]
[SourceDate "2021.10.24"]
[SourceVersion "1"]
[SourceVersionDate "2021.10.24"]
[SourceQuality "1"]

1. e4 e6 2. d4 d5 3. Nc3 dxe4 4. Nxe4 Nd7 5. Nf3 Ngf6 6. Nxf6+ Nxf6 7. Bd3 c5 8. Be3 Qc7 9. Qe2 a6 10. 0-0 b6 11. c3 Bb7 12. Bc2 Bd6 13. Ba4+ b5 14. dxc5 Bxc5 15. Bxc5 Qxc5 16. Bc2 0-0 17. Ne5 Rad8 18. Rad1 Rd5 19. Rfe1 Rfd8 20. a4 h6 1/2-1/2

[Event "FICGS W-ch st1 gN 01 email"]
[Site "FICGS email"]
[Date "2021.07.11"]
[Round "1"]
[White "Duttagupta, Aniruddha"]
[Black "Schroeder, Christoph"]
[Result "1/2-1/2"]
[WhiteElo "2211"]
[BlackElo "2263"]
[PlyCount "41"]
[EventDate "2021.??.??"]
[EventType "tourn (corr)"]
[EventRounds "6"]
[SourceTitle "Corr 2022"]
[Source "ChessBase"]
[SourceDate "2021.10.24"]
[SourceVersion "1"]
[SourceVersionDate "2021.10.24"]
[SourceQuality "1"]

1. c4 Nf6 2. Nc3 e5 3. Nf3 Nc6 4. e3 Bb4 5. Qc2 Bxc3 6. Qxc3 Qe7 7. d4 Ne4 8. Qd3 exd4 9. Nxd4 0-0 10. Be2 Qb4+ 11. Kf1 Qe7 12. f3 Nc5 13. Qd2 Re8 14. Nb5 d6 15. b3 a5 16. Bb2 Bf5 17. Rd1 Bg6 18. h4 h5 19. Rh3 Nb4 20. Qc3 f6 21. a3 1/2-1/2

[Event "FICGS class M 000095 email"]
[Site "FICGS email"]
[Date "2021.07.07"]
[Round "1"]
[White "Cirulis, Ilmars"]
[Black "Schroeder, Christoph"]
[Result "1/2-1/2"]
[WhiteElo "2235"]
[BlackElo "2263"]
[PlyCount "75"]
[EventDate "2021.??.??"]
[EventType "tourn (corr)"]
[EventRounds "6"]
[SourceTitle "Corr 2022"]
[Source "ChessBase"]
[SourceDate "2021.10.24"]
[SourceVersion "1"]
[SourceVersionDate "2021.10.24"]
[SourceQuality "1"]

1. d4 Nf6 2. c4 c5 3. d5 b5 4. cxb5 a6 5. bxa6 Bxa6 6. Nc3 g6 7. e4 Bxf1 8. Kxf1 d6 9. g3 Bg7 10. a4 0-0 11. Kg2 Na6 12. Nf3 Qc8 13. Qe2 Nc7 14. Re1 Qa6 15. Qc2 Rfb8 16. Bg5 Rb4 17. Bd2 Ng4 18. a5 Qc4 19. Qd1 Qb3 20. Qxb3 Rxb3 21. Na4 Rab8 22. Ra2 Bxb2 23. Bf4 Na6 24. h3 Nf6 25. Nb6 Nb4 26. Nd2 Bc3 27. Re2 Bxd2 28. Raxd2 Ra3 29. e5 Nh5 30. Bg5 f6 31. exd6 exd6 32. Bh6 Rxa5 33. Nd7 Rd8 34. Re7 g5 35. Nb6 c4 36. Rd4 Rb5 37. Nxc4 Nxd5 38. Ra7 1/2-1/2